Review of Air Source Heat Pump Noise Emissions, Permitted Development Guidance and Regulations: (Record no. 121722)

MARC details
000 -LEADER
fixed length control field 01346nad a22002295a 4500
008 - FIXED-LENGTH DATA ELEMENTS--GENERAL INFORMATION
fixed length control field 231130s2023 xxk f f000 0 eng d
041 0# - LANGUAGE CODE
Language code of text/sound track or separate title eng
110 ## - MAIN ENTRY--CORPORATE NAME
Corporate name or jurisdiction name as entry element Department for Energy Security & Net Zero
9 (RLIN) 6336
245 00 - TITLE STATEMENT
Title Review of Air Source Heat Pump Noise Emissions, Permitted Development Guidance and Regulations:
Remainder of title final report
Medium [electronic resource]
260 ## - PUBLICATION, DISTRIBUTION, ETC.
Place of publication, distribution, etc. London
Name of publisher, distributor, etc. Department for Energy Security & Net Zero
Date of publication, distribution, etc. 30 November 2023
500 ## - GENERAL NOTE
General note DESNZ Research Paper Number 2023/046<br/>
520 ## - SUMMARY, ETC.
Summary, etc. An independent review of air source heat pump (ASHP) noise emissions, permitted development guidance and regulations. It found that: ASHP noise emissions were a concern for a minority of consumers in the study; low incidence of ASHP noise complaints; possible revisions to permitted development guidance and regulations. The findings will help inform future government policy on heat pump planning guidance and heat pump standards.
590 ## - LOCAL NOTE (RLIN)
Local note KA
650 ## - SUBJECT ADDED ENTRY--TOPICAL TERM
Topical term or geographic name entry element HEAT PUMPS
650 ## - SUBJECT ADDED ENTRY--TOPICAL TERM
Topical term or geographic name entry element NET ZERO
650 ## - SUBJECT ADDED ENTRY--TOPICAL TERM
Topical term or geographic name entry element PLANNING
651 #4 - SUBJECT ADDED ENTRY--GEOGRAPHIC NAME
Geographic name United Kingdom
690 ## - LOCAL SUBJECT ADDED ENTRY--TOPICAL TERM (OCLC, RLIN)
Topical term or geographic name as entry element Planning and development
9 (RLIN) 6259
710 ## - ADDED ENTRY--CORPORATE NAME
Corporate name or jurisdiction name as entry element Department for Energy Security & Net Zero
9 (RLIN) 6336
856 40 - ELECTRONIC LOCATION AND ACCESS
Uniform Resource Identifier <a href="https://assets.publishing.service.gov.uk/media/6568b7b95936bb000d3167ef/ashp-planning-regulations-review-main-report.pdf">https://assets.publishing.service.gov.uk/media/6568b7b95936bb000d3167ef/ashp-planning-regulations-review-main-report.pdf</a>
Public note View on .gov.uk
942 ## - ADDED ENTRY ELEMENTS (KOHA)
Suppress in OPAC 0
Source of classification or shelving scheme Dewey Decimal Classification
Holdings
Withdrawn status Lost status Source of classification or shelving scheme Damaged status Not for loan Home library Current library Shelving location Date acquired Total Checkouts Date last seen Price effective from Koha item type
    Dewey Decimal Classification     Virtual Virtual Online 30/11/2023   30/11/2023 30/11/2023 Online material